La liberté de conscience / (Record no. 165397)

MARC details
000 -LEADER
campo de control de longitud fija 00672nam a2200205 i 4500
001 - NÚMERO DE CONTROL
campo de control 165397
003 - IDENTIFICADOR DE NÚMERO DE CONTROL
campo de control ES-MaACL
005 - FECHA Y HORA DE LA ÚLTIMA TRANSACCIÓN
campo de control 20240218063024.0
008 - DATOS DE LONGITUD FIJA--INFORMACIÓN GENERAL
campo de control de longitud fija 050823s1859 fr | |||||||| ||fre d
040 ## - FUENTE DE CATALOGACIÓN
Centro catalogador/agencia de origen CAM
Lengua de catalogación spa
Centro/agencia transcriptor CAM
100 1# - ENTRADA PRINCIPAL--NOMBRE DE PERSONA
Nombre de persona Simon, Jules,
Fechas asociadas al nombre 1814-1896
9 (RLIN) 224189
245 13 - MENCIÓN DEL TÍTULO
Título La liberté de conscience /
Mención de responsabilidad, etc. par Jules Simon.
250 ## - MENCION DE EDICION
Mención de edición 3e éd.
260 ## - PUBLICACIÓN, DISTRIBUCIÓN, ETC.
Lugar de publicación, distribución, etc. Paris :
Nombre del editor, distribuidor, etc. Librairie de L. Hachette et c\pie\s,
Fecha de publicación, distribución, etc. 1859 (
Fabricante Imprimerie de Ch. Lahure et c\pie\s)
300 ## - DESCRIPCIÓN FÍSICA
Extensión 464 p. ;
Dimensiones 18 cm.
650 #4 - PUNTO DE ACCESO ADICIONAL DE MATERIA--TÉRMINO DE MATERIA
Término de materia o nombre geográfico como elemento de entrada Libertad religiosa.
9 (RLIN) 14416
650 #4 - PUNTO DE ACCESO ADICIONAL DE MATERIA--TÉRMINO DE MATERIA
Término de materia o nombre geográfico como elemento de entrada Libertad de pensamiento.
9 (RLIN) 136407
852 ## - LOCALIZACIÓN
Ubicación ES-MaACL
Número de control de estantería D-1985
Nota libre -- Enc. hol.
Holdings
Estatus retirado Estado de pérdida Estado de daño No para préstamo Colección Biblioteca de origen Biblioteca actual Ubicación en estantería Fecha de adquisición Fuente de adquisición Total de préstamos Signatura topográfica completa Código de barras Visto por última vez Precio de reemplazo Tipo de ítem Koha
        Libros del s. XIX Biblioteca del Ateneo de Madrid Biblioteca del Ateneo de Madrid Sala Valle Inclán 17/01/2008     D-1985 901173442 23/02/2023 23/02/2023 Libro impreso antiguo